000
00340nam a2200145Ia 4500
008
150201s2004 xx 000 0 und d
082
_a
603
_b
I2004G
100
_a
GUPTA & GUPTA
245
_a
ILLUSTRATED DENTAL DICTIONARY
250
_a
1ST
260
_b
AITBS
_a
DELHI
_c
2004
300
_a
1-474
650
_a
DICTIONARIES
942
_2
ddc
_c
BK
999
_c
3062
_d
3062